00318nam a2200109 a 450000100100000000500170001000800410002704000250006824500160009326000720010930000270018100003128020200930062824.0110617s2005 dr a 000 0 spa d aDO-SdBNPbspacBNPHU00aWindows Xp. aSan Cristobal :bCentro Laboral Hijas de María Hato Damas,c2005. a65 p. :bil. ;c28 cm.